Normal view
MARC view
- FUNCTIONAL ANALYSIS WITH APPLICAITONS
Entry Topical Term
001 - CONTROL NUMBER
- control field: 73555
003 - CONTROL NUMBER IDENTIFIER
- control field: NUST
005 - DATE AND TIME OF LATEST TRANSACTION
- control field: 20210628205033.0
008 - FIXED-LENGTH DATA ELEMENTS
- fixed length control field: 210628|| aca||aabn | a|a d
040 ## - CATALOGING SOURCE
- Original cataloging agency: NUST
- Transcribing agency: NUST
150 ## - HEADING--TOPICAL TERM
- Topical term or geographic name entry element: FUNCTIONAL ANALYSIS WITH APPLICAITONS
670 ## - SOURCE DATA FOUND
- Source citation: Work cat.: (NUST): Kreyszig, Erwin 572, Introductory functional analysis with applicaitons, 2015
